Biopotraviny ako fenomén konceptu spoločensky zodpovedných firiem
Spoločenská zodpovednosť firiem v kontexte produkcie biopotravín. Bioprodukty v podmienkach Slovenska. Súčasný stav marketingu biopotravín. Označovanie a cenová politika bioproduktov. Prieskum v postojov v zameraní na akceptáciu bioproduktov.
Uložené v:
| Hlavný autor: | |
|---|---|
| Ďalší autori: | , |
| Médium: | Kapitola |
| Jazyk: | Slovak |
| Predmet: | |
| Tagy: |
Žiadne tagy, Buďte prvý, kto otaguje tento záznam!
|
MARC
| LEADER | 00000naa a2200000 4500 | ||
|---|---|---|---|
| 001 | 0149902 | ||
| 005 | 20240502072709.5 | ||
| 041 | 0 | |a slo | |
| 044 | |a SK | ||
| 245 | 1 | 0 | |a Biopotraviny ako fenomén konceptu spoločensky zodpovedných firiem |c Vanda Lieskovská, Zuzana Hajduová, Denisa Bilohuščinová |
| 520 | |a Spoločenská zodpovednosť firiem v kontexte produkcie biopotravín. Bioprodukty v podmienkach Slovenska. Súčasný stav marketingu biopotravín. Označovanie a cenová politika bioproduktov. Prieskum v postojov v zameraní na akceptáciu bioproduktov. | ||
| 610 | 2 | 0 | |a zodpovednosť spoločenská |
| 610 | 2 | 0 | |a biopotraviny |
| 610 | 2 | 0 | |a bioprodukty |
| 610 | 2 | 0 | |a marketing |
| 610 | 2 | 0 | |a ochrana zdravia |
| 610 | 2 | 0 | |a správanie spotrebiteľa |
| 610 | 2 | 0 | |a podnikanie zodpovedné |
| 100 | 1 | |a Lieskovská, Vanda, 1961- | |
| 700 | 1 | |a Hajduová, Zuzana, 1974- | |
| 700 | 1 | |a Bilohuščinová, Denisa | |